banner koha

Primordial follicle initiation in sheep and goat ovaries during the dry and rainy season of Northeastern Brazil (Registro n. 177652)

MARC details
000 -LÍDER
campo de controle de tamanho fixo 01058nas a2200349 4500
001 - NÚMERO DE CONTROLE
campo de controle BR0400744
003 - IDENTIFICADOR DO NÚMERO DE CONTROLE
campo de controle BR-BrBNA
005 - DATA E HORÁRIO DA ÚLTIMA TRANSAÇÃO
campo de controle 20231205104335.0
007 - CAMPO FIXO DE DESCRIÇÃO FÍSICA--INFORMAÇÃO GERAL
campo de controle de tamanho fixo ta
008 - CAMPO DE DADOS FIXOS--INFORMAÇÃO GERAL
campo de controle de tamanho fixo 230509b bl.|||p| |||| 00| 00por d
040 ## - FONTE DA CATALOGAÇÃO
Instituição da catalogação original BR-BrBNA
Idioma da catalogação por
Instituição que transcreveu o registro Biblioteca Nacional de Agricultura
041 ## - CÓDIGO DE IDIOMA
Código do idioma do texto/trilha sonora ou título diferente (En)
072 ## - CÓDIGO DE CATEGORIA DE ASSUNTO
Código de Categoria de Assunto L53; L51
100 1# - ENTRADA PRINCIPAL--NOME PESSOAL
Nome pessoal Freitas, V.J.F.
100 1# - ENTRADA PRINCIPAL--NOME PESSOAL
Nome pessoal Rondina, D.
100 1# - ENTRADA PRINCIPAL--NOME PESSOAL
Nome pessoal Rodrigues, A.P.R.
100 1# - ENTRADA PRINCIPAL--NOME PESSOAL
Nome pessoal Arruda, I.J.
100 1# - ENTRADA PRINCIPAL--NOME PESSOAL
Nome pessoal Lima Verde, I.B.
100 1# - ENTRADA PRINCIPAL--NOME PESSOAL
Nome pessoal Loos, J.B.
100 1# - ENTRADA PRINCIPAL--NOME PESSOAL
Nome pessoal Diniz, J.F.
100 1# - ENTRADA PRINCIPAL--NOME PESSOAL
Nome pessoal Lopes Júnior, E.S.
100 1# - ENTRADA PRINCIPAL--NOME PESSOAL
Nome pessoal Paula, N.R.O.
245 1# - TÍTULO
Título Primordial follicle initiation in sheep and goat ovaries during the dry and rainy season of Northeastern Brazil
650 ## - ASSUNTO--TERMO TÓPICO
Cabeçalho tópico ou nome geográfico OVINO
650 ## - ASSUNTO--TERMO TÓPICO
Cabeçalho tópico ou nome geográfico CAPRINO
650 ## - ASSUNTO--TERMO TÓPICO
Cabeçalho tópico ou nome geográfico REPRODUÇÃO ANIMAL
650 ## - ASSUNTO--TERMO TÓPICO
Cabeçalho tópico ou nome geográfico OVÁRIO
650 ## - ASSUNTO--TERMO TÓPICO
Cabeçalho tópico ou nome geográfico NUTRIÇÃO ANIMAL
773 0# - ENTRADA ANALÍTICA
Título Revista Brasileira de Reprodução Animal (Brazil)
ISSN - International Standard Serial Number ISSN 0102-0803
Partes relacionadas (Apr-Jun 2003), v. 27(2) p. 254-256
Número de controle do registro BR0400744
909 ## -
-- 202311
-- Lúcia
-- 55
-- Lúcia Elande
942 ## - ELEMENTOS DE ENTRADA ADICIONADOS (KOHA)
Fonte da classificação ou esquema de arquivamento na estante Classificação AGRIS
Ocultar no OPAC Não
Tipo de material Koha Analítica
Exemplares
Situação do descarte Fonte da classificação ou esquema de arquivamento na estante Situação física Não pode ser emprestado Biblioteca de origem Biblioteca atual Localização na estante Enumeração do periódico / cronologia Total de empréstimos Data de último acesso Número do exemplar Tipo de material Koha Fonte de aquisição
  Classificação AGRIS   Consulta local Biblioteca Nacional de Agricultura - Binagri Biblioteca Nacional de Agricultura - Binagri   (Apr-Jun 2003), v. 27(2) p. 254-256   29/11/2023 01 Periódicos Portaria Interministerial nº 164/94

BINAGRI

Telefone: (61)3218-2567/2388/3357/2097 - binagri@agro.gov.br

Ministério da Agricultura e Pecuária , Esplanada dos Ministérios, Bloco D, Anexo B, Brasília/DF, CEP: 70.043-900